Представление документа в формате RUSMARC

ПолеНазваниеЗначение
  Тип записи a
  Библиографический уровень a
001 Контрольный номер RU/УОНБ/EK_KRAY/320890121
005 Дата корректировки 20230326154011.8
100 Данные общей обработки __
a Данные общей обработки 20011225d2001 u u0rusy0103 ba
101 Язык документа 0_
a Язык текста rus
200 Заглавие и сведения об ответственности 1_
a Заглавие Об итогах проверки использования средств областного бюджета муниципальным образованием Николаевского района
e Сведения, относящиеся к заглавию постановление Законодательного Собрания Ульян. обл.
210 Выходные данные 1_
d Дата издания 2001
461 Уровень набора _0
1 2001
a Ульяновская правда
0 Уровень набора Ульяновская правда
463 Уровень физической единицы _0
1 2000
a 10 нояб.
v С. 10.
1 210
d 2001
607 Географические рубрики 0_
a Географическое наименование Николаевский район (Ульяновская область)
610 Ключевые слова 0_
a Ключевые слова бюджет области
610 Ключевые слова 0_
a Ключевые слова бюджетные средства
610 Ключевые слова 0_
a Ключевые слова проверка
610 Ключевые слова 0_
a Ключевые слова использование средств
686 Индексы других классификаций __
a Классификационный индекс 0Б(2...-4)
2 Код системы rubbk
801 Источник записи _0
a Страна RU
b Организация Ульяновская ОНБ
c Дата составления 20011225
g Правила каталогизации PSBO
801 Источник записи _1
a Страна RU
b Организация Ульяновская ОНБ
c Дата составления 20011225
901 Тип документа __
t Тип документа b
938 Служебная информация __
a Имя БД kraeved_work
b Имя библиотеки УОНБ
c Имя АИБС МАРК-SQL
d Номер DOC_ID в БД 34103